00653nam a2200181 a 450000100100000000500170001000800410002702000150006804000250008308200160010810000250012424500840014926000390023330000280027270000400030095201140034099900170045400003625120200930075631.0120111s1984 mx a 000 0 spa d a9682509602 aDO-SdBNPbspacBNPHU axxxxbM929e1 aMourad, Leona96235310aEnfermería ortopédica /cLeona Mourad ; traducción José Rafael Blengio. aMéxico :bInteramericana,c1984. a476 p. :bil. ;c25 cm.1 aBlengio, José Rafael,etr.949490 001050718MOaGRbGRcCTd2012-01-11iLF1l0oxxxx M929ep36251-10r2020-06-25w2020-06-25y1ZNo se presta c35742d35742